[Event "29. Klatovy A 2023"]
[Site "Klatovy"]
[Date "2023.07.06"]
[Round "6.19"]
[White "Mik, Tomas"]
[Black "Pirklova, Hana"]
[Result "1/2-1/2"]
[WhiteElo "1940"]
[BlackElo "2085"]
[PlyCount "83"]
[EventDate "2023.07.01"]
[EventType "swiss"]
[EventRounds "9"]
[EventCountry "CZE"]

1. e4 e5 2. Nf3 Nc6 3. Nc3 Nf6 4. Bb5 Bb4 5. O-O O-O 6. d3 d6 7. Bg5 Ne7 8. Nh4 c6 9. Ba4 Bg4 10. f3 Be6 11. Kh1 Ng6 12. Nxg6 fxg6 13. Qe1 h6 14. Bd2 Nh5 15. Bb3 Qd7 16. Ne2 Bc5 17. f4 Kh8 18. Bxe6 Qxe6 19. Qh4 Nxf4 20. Nxf4 exf4 21. Bxf4 Kg8 22. Bd2 Rf7 23. Rf3 Rxf3 24. gxf3 g5 25. Qg3 Bd4 26. c3 Be5 27. Qg4 Qxg4 28. fxg4 Rf8 29. Be3 Rf3 30. Re1 Bf4 31. Bxa7 Rxd3 32. Re2 c5 33. e5 Bxe5 34. Bxc5 dxc5 35. Rxe5 Rd1+ 36. Kg2 Rd2+ 37. Kg3 Rxb2 38. Rxc5 Rxa2 39. Rc8+ Kh7 40. c4 Ra3+ 41. Kg2 Ra2+ 42. Kg3 1/2-1/2

[Event "29. Klatovy A 2023"]
[Site "Klatovy"]
[Date "2023.07.06"]
[Round "6.20"]
[White "Matejovsky, Ondrej"]
[Black "Formanek, Martin"]
[Result "1/2-1/2"]
[WhiteElo "1928"]
[BlackElo "2206"]
[PlyCount "40"]
[EventDate "2023.07.01"]
[EventType "swiss"]
[EventRounds "9"]
[EventCountry "CZE"]

1. e4 c5 2. Nf3 d6 3. Bb5+ Nd7 4. c3 Ngf6 5. Qe2 a6 6. Ba4 e6 7. O-O b5 8. Bc2 Be7 9. d4 Bb7 10. Bg5 h6 11. Bh4 Qc7 12. e5 dxe5 13. dxe5 Nd5 14. Bxe7 Nxe7 15. Nbd2 O-O 16. Rad1 Rad8 17. Rfe1 Rfe8 18. c4 Bc6 19. Be4 b4 20. Bxc6 Nxc6 1/2-1/2

[Event "29. Klatovy A 2023"]
[Site "Klatovy"]
[Date "2023.07.06"]
[Round "6.21"]
[White "Novotny, David"]
[Black "Zadrapova, Amalie"]
[Result "1-0"]
[WhiteElo "2034"]
[BlackElo "1789"]
[PlyCount "85"]
[EventDate "2023.07.01"]
[EventType "swiss"]
[EventRounds "9"]
[EventCountry "CZE"]

1. e4 c5 2. Nf3 d6 3. d4 cxd4 4. Nxd4 Nf6 5. Nc3 a6 6. h3 e5 7. Nde2 Be6 8. g4 Nc6 9. Bg2 Qc7 10. O-O Be7 11. Be3 O-O 12. Ng3 Na5 13. g5 Ne8 14. Nd5 Bxd5 15. exd5 Nc4 16. Bc1 f5 17. gxf6 Nxf6 18. b3 Nb6 19. c4 Nbd7 20. Nf5 Rae8 21. Be3 a5 22. Rc1 Nc5 23. a3 Qd7 24. Ng3 Rc8 25. b4 axb4 26. axb4 Na6 27. Qb3 Kh8 28. Ra1 Ra8 29. Rfc1 Rfc8 30. Kh2 h6 31. Bf1 Nh7 32. Bd3 Rf8 33. Bxh7 Kxh7 34. c5 dxc5 35. bxc5 Kh8 36. c6 bxc6 37. dxc6 Qd6 38. Ne4 Qg6 39. Qb7 Bh4 40. Rxa6 Rac8 41. Rg1 Qh7 42. Ra7 Rg8 43. Nd6 1-0

[Event "29. Klatovy A 2023"]
[Site "Klatovy"]
[Date "2023.07.06"]
[Round "6.22"]
[White "Zadrapa, Radek"]
[Black "Simak, Roman"]
[Result "0-1"]
[WhiteElo "2014"]
[BlackElo "1838"]
[PlyCount "118"]
[EventDate "2023.07.01"]
[EventType "swiss"]
[EventRounds "9"]
[EventCountry "CZE"]

1. d4 f5 2. g3 Nf6 3. Bg2 e6 4. c4 d5 5. b3 c6 6. Nh3 a5 7. O-O Be7 8. Bb2 O-O 9. Nd2 Na6 10. Rc1 Bd7 11. f3 b5 12. c5 Be8 13. Nf4 Nc7 14. Nd3 Nd7 15. Qc2 Bg6 16. Nf4 Be8 17. e4 Bg5 18. Nh3 Be3+ 19. Kh1 Bg6 20. Rce1 Bh6 21. Bc1 fxe4 22. fxe4 Nf6 23. Nf4 Bxf4 24. Rxf4 dxe4 25. Nxe4 Ncd5 26. Rh4 Nb4 27. Qd2 Nxe4 28. Bxe4 Bxe4+ 29. Rhxe4 Qd5 30. Qg2 Nd3 31. Rxe6 Nxe1 32. Rxe1 Qxg2+ 33. Kxg2 Rae8 34. Rxe8 Rxe8 35. Kf2 Kf7 36. Bf4 Ke6 37. Be5 g6 38. Ke3 Kd5 39. Kf4 h6 40. h4 Rf8+ 41. Kg4 Rf5 42. Kh3 h5 43. Kg2 Rxe5 44. dxe5 Kxe5 45. Kf3 Kd4 46. Kf4 Kxc5 47. Kg5 Kd5 48. Kxg6 c5 49. Kxh5 c4 50. bxc4+ bxc4 51. g4 c3 52. g5 c2 53. g6 c1=Q 54. g7 Qc8 55. Kg6 Qg8 56. h5 Ke6 57. a4 Ke7 58. h6 Ke6 59. Kg5 Qh7 0-1

[Event "29. Klatovy A 2023"]
[Site "Klatovy"]
[Date "2023.07.06"]
[Round "6.23"]
[White "Topencik, Bruno"]
[Black "Strnad, Jakub"]
[Result "0-1"]
[WhiteElo "1780"]
[BlackElo "1957"]
[PlyCount "82"]
[EventDate "2023.07.01"]
[EventType "swiss"]
[EventRounds "9"]
[EventCountry "CZE"]

1. e4 e5 2. Nf3 Nc6 3. Nc3 Nf6 4. Bb5 d6 5. d4 Bd7 6. O-O Be7 7. d5 Nb8 8. Bxd7+ Nbxd7 9. Be3 c6 10. Nd2 cxd5 11. exd5 Nb6 12. Bxb6 Qxb6 13. Nb3 O-O 14. Qd3 Rac8 15. g3 Nd7 16. Kg2 f5 17. f3 a6 18. Rae1 Nc5 19. Nxc5 Qxc5 20. Re2 Qc4 21. Qxc4 Rxc4 22. Rd1 Rfc8 23. h4 Rb4 24. Rc1 Rxb2 25. Rb1 Rxb1 26. Nxb1 Rc5 27. Rd2 Bd8 28. Kf2 Ba5 29. c3 Bxc3 30. Nxc3 Rxc3 31. Rb2 b5 32. a4 Rc5 33. axb5 axb5 34. Rd2 b4 35. Rb2 Rb5 36. Ke3 Kf7 37. g4 fxg4 38. fxg4 b3 39. Ke4 Kg6 40. h5+ Kg5 41. Kf3 Rb4 0-1

[Event "29. Klatovy A 2023"]
[Site "Klatovy"]
[Date "2023.07.06"]
[Round "6.24"]
[White "Andrle, Filip"]
[Black "Novak, Vaclav2"]
[Result "1/2-1/2"]
[WhiteElo "1692"]
[BlackElo "1948"]
[PlyCount "64"]
[EventDate "2023.07.01"]
[EventType "swiss"]
[EventRounds "9"]
[EventCountry "CZE"]

1. e4 e5 2. Nf3 Nc6 3. Bc4 d6 4. d4 exd4 5. Nxd4 Nxd4 6. Qxd4 Nf6 7. O-O Be7 8. Nc3 O-O 9. Bg5 Nd7 10. Bxe7 Qxe7 11. Rfe1 Nf6 12. Bb3 Re8 13. Re3 Qe5 14. Rd1 Qxd4 15. Rxd4 Be6 16. Nb5 Re7 17. Bxe6 fxe6 18. Rc3 a6 19. Rxc7 Rxc7 20. Nxc7 Rc8 21. Nxe6 Rxc2 22. g3 Rxb2 23. Rxd6 h6 24. Nc5 Ng4 25. Rd7 Ne5 26. Rxb7 Rxa2 27. Ra7 a5 28. h3 g5 29. Nd7 Nf3+ 30. Kg2 Ne1+ 31. Kg1 Nf3+ 32. Kg2 Ne1+ 1/2-1/2

[Event "29. Klatovy A 2023"]
[Site "Klatovy"]
[Date "2023.07.06"]
[Round "6.25"]
[White "Sedmihradsky, Tomas"]
[Black "Hosnedl, Jiri"]
[Result "1-0"]
[WhiteElo "1775"]
[BlackElo "1858"]
[PlyCount "84"]
[EventDate "2023.07.01"]
[EventType "swiss"]
[EventRounds "9"]
[EventCountry "CZE"]

1. c4 e5 2. Nc3 Nf6 3. g3 d5 4. Bg2 c6 5. cxd5 cxd5 6. d3 Nc6 7. Bg5 d4 8. Nd5 Qa5+ 9. Bd2 Qd8 10. Nxf6+ Qxf6 11. Nf3 h6 12. O-O Be7 13. Rc1 Bd7 14. a3 O-O 15. b4 a6 16. Qb3 Qe6 17. Qb1 Rfc8 18. e3 dxe3 19. Bxe3 Nd8 20. Nd2 Bc6 21. Ne4 f5 22. Nc5 Bxc5 23. bxc5 Bxg2 24. Kxg2 Qd5+ 25. f3 Ne6 26. Qc2 Rc7 27. Qc4 Rd8 28. Rfd1 Kh8 29. Kf2 f4 30. gxf4 exf4 31. Bxf4 Nxf4 32. Qxf4 Rxc5 33. Rxc5 Qxc5+ 34. d4 Qxa3 35. Qc7 Qd6 36. Qxb7 Qxh2+ 37. Ke3 Re8+ 38. Qe4 Rxe4+ 39. fxe4 Qg3+ 40. Kd2 Qf4+ 41. Kc3 Qxe4 42. Kc4 Qc6+ 1-0

[Event "29. Klatovy A 2023"]
[Site "Klatovy"]
[Date "2023.07.06"]
[Round "6.26"]
[White "Vana, Jan 2010"]
[Black "Kucera, Petr2"]
[Result "1-0"]
[WhiteElo "1890"]
[BlackElo "1935"]
[PlyCount "89"]
[EventDate "2023.07.01"]
[EventType "swiss"]
[EventRounds "9"]
[EventCountry "CZE"]

1. e4 Nf6 2. e5 Nd5 3. d4 d6 4. c4 Nb6 5. f4 dxe5 6. fxe5 Nc6 7. Be3 Bf5 8. Nc3 e6 9. Nf3 Qd7 10. Be2 O-O-O 11. O-O f6 12. d5 Nxe5 13. Nxe5 fxe5 14. a4 exd5 15. Rxf5 Nxc4 16. Bxc4 Qxf5 17. Bxd5 c6 18. Qf3 Qxf3 19. Bxf3 Kb8 20. a5 Rd3 21. Kf2 Bb4 22. Be4 Rd6 23. Ra4 Bxc3 24. bxc3 Rc8 25. Ke2 h6 26. Bc5 Rf6 27. g3 Re8 28. Ra1 a6 29. Rd1 Kc8 30. Bg2 g5 31. Bh3+ Kb8 32. Bd7 Rg8 33. Bd6+ Rxd6 34. Rxd6 Rd8 35. Rd2 Kc7 36. Bg4 Rxd2+ 37. Kxd2 b6 38. axb6+ Kxb6 39. Kd3 Kc5 40. Be6 h5 41. Ke4 Kd6 42. Bb3 a5 43. Kf5 h4 44. Kxg5 hxg3 45. hxg3 1-0

[Event "29. Klatovy A 2023"]
[Site "Klatovy"]
[Date "2023.07.06"]
[Round "6.27"]
[White "Stary, Lukas"]
[Black "Benes, Jachym"]
[Result "1/2-1/2"]
[WhiteElo "1932"]
[BlackElo "1806"]
[PlyCount "83"]
[EventDate "2023.07.01"]
[EventType "swiss"]
[EventRounds "9"]
[EventCountry "CZE"]

1. d4 f5 2. h4 Nf6 3. h5 e6 4. Bg5 d5 5. e3 Nbd7 6. Be2 Be7 7. Nf3 c6 8. c3 Ne4 9. Bxe7 Qxe7 10. Nbd2 e5 11. dxe5 Nxe5 12. Nxe5 Qxe5 13. Nxe4 fxe4 14. Qd4 Qg5 15. h6 Rg8 16. g3 g6 17. O-O-O Be6 18. Rh4 b6 19. Rdh1 O-O-O 20. Rf4 c5 21. Qf6 Qxf6 22. Rxf6 Kd7 23. g4 g5 24. f4 Ke7 25. fxg5 Rxg5 26. Rhf1 Rdg8 27. a4 R5g6 28. R6f4 Rxh6 29. c4 Kd6 30. b3 Rg5 31. Rd1 Rhg6 32. Rxe4 Re5 33. Bf3 Rg7 34. cxd5 Bd7 35. Rxe5 Kxe5 36. Rh1 Rf7 37. Rh5+ Kd6 38. Rh3 h5 39. Be2 hxg4 40. Rh6+ Kxd5 41. Rg6 Rf2 42. Bxg4 1/2-1/2

[Event "29. Klatovy A 2023"]
[Site "Klatovy"]
[Date "2023.07.06"]
[Round "6.28"]
[White "Kovar, Petr"]
[Black "Hlavacek, Ondrej 1999"]
[Result "1/2-1/2"]
[WhiteElo "1879"]
[BlackElo "1780"]
[PlyCount "34"]
[EventDate "2023.07.01"]
[EventType "swiss"]
[EventRounds "9"]
[EventCountry "CZE"]

1. c4 c6 2. Nc3 d5 3. d4 e6 4. Nf3 Nf6 5. Bg5 Be7 6. e3 O-O 7. Qc2 b6 8. cxd5 exd5 9. Be2 Bb7 10. O-O Nbd7 11. Rac1 Re8 12. Qf5 Bc8 13. Qc2 Bb7 14. Rfd1 Ne4 15. Bxe7 Qxe7 16. Nxe4 dxe4 17. Nd2 c5 1/2-1/2

[Event "29. Klatovy A 2023"]
[Site "Klatovy"]
[Date "2023.07.06"]
[Round "6.29"]
[White "Pick, Stepan"]
[Black "Roubal, Matyas"]
[Result "1/2-1/2"]
[WhiteElo "1911"]
[BlackElo "1850"]
[PlyCount "68"]
[EventDate "2023.07.01"]
[EventType "swiss"]
[EventRounds "9"]
[EventCountry "CZE"]

1. Nf3 Nf6 2. c4 g6 3. Nc3 Bg7 4. d4 O-O 5. e4 d6 6. Be2 c5 7. O-O cxd4 8. Nxd4 Nc6 9. Be3 Bd7 10. Qd2 Nxd4 11. Bxd4 Bc6 12. f3 Nd7 13. Be3 a5 14. b3 Nc5 15. Rab1 e6 16. Rfd1 Be5 17. Bd4 Qf6 18. Bxe5 dxe5 19. Qe3 Qe7 20. Rd2 Rfd8 21. Rbd1 b6 22. Bf1 Rxd2 23. Rxd2 Rd8 24. Nd1 Rxd2 25. Qxd2 Qd7 26. Qxd7 Bxd7 27. Nb2 Kf8 28. Nd3 Nxd3 29. Bxd3 Ke7 30. Kf2 Kd6 31. Ke3 Kc5 32. a3 f5 33. Be2 f4+ 34. Kd3 g5 1/2-1/2

[Event "29. Klatovy A 2023"]
[Site "Klatovy"]
[Date "2023.07.06"]
[Round "6.30"]
[White "Ruessel, Bernhard"]
[Black "Lhotsky, Zdenek"]
[Result "0-1"]
[WhiteElo "1852"]
[BlackElo "1840"]
[PlyCount "62"]
[EventDate "2023.07.01"]
[EventType "swiss"]
[EventRounds "9"]
[EventCountry "CZE"]

1. d4 d5 2. Nf3 Nf6 3. c4 e6 4. g3 Be7 5. Bg2 O-O 6. O-O dxc4 7. Ne5 Nc6 8. Nxc6 bxc6 9. e3 Rb8 10. Qc2 c5 11. dxc5 Ba6 12. Rd1 Qc8 13. b3 Bxc5 14. bxc4 Bb7 15. f3 Bc6 16. Kf2 Qb7 17. h3 Qa6 18. Qe2 Ba4 19. Rd2 Bb3 20. Bb2 Bxc4 21. Qd1 Rxb2 22. Rxb2 Nd5 23. Ke1 Nxe3 24. Qd2 Bf1 25. Bh1 Nc4 26. Qc2 Nxb2 27. Nc3 Nd3+ 28. Kxf1 Qc4 29. Qb3 Qd4 30. Ke2 Qe3+ 31. Kd1 Qg1+ 0-1

[Event "29. Klatovy A 2023"]
[Site "Klatovy"]
[Date "2023.07.07"]
[Round "7.1"]
[White "Slovak, Kilian"]
[Black "Straka, Vojtech"]
[Result "1/2-1/2"]
[WhiteElo "2297"]
[BlackElo "2433"]
[PlyCount "29"]
[EventDate "2023.07.01"]
[EventType "swiss"]
[EventRounds "9"]
[EventCountry "CZE"]
[TimeControl "120+30"]

1. e4 {[%emt 0:00:05]} c5 {[%emt 0:00:08]} 2. Nf3 {[%emt 0:00:08]} g6 {[%emt 0:00:34]} 3. d4 {[%emt 0:00:08]} cxd4 {[%emt 0:00:07]} 4. Qxd4 {[%emt 0:00:09]} Nf6 {[%emt 0:00:24]} 5. e5 {[%emt 0:00:09]} Nc6 {[%emt 0:00:41]} 6. Qa4 {[%emt 0:00:07]} Nd5 {[%emt 0:00:15]} 7. Qe4 {[%emt 0:00:07]} Nb6 {[%emt 0:09:09]} 8. Nc3 {[%emt 0:01:13]} Bg7 {[%emt 0:00:08]} 9. Bf4 {[%emt 0:01:02]} d5 {[%emt 0:00:27]} 10. exd6 {[%emt 0:00:12]} Bf5 {[%emt 0:00:10]} 11. dxe7 {[%emt 0:00:58]} Bxc3+ {[%emt 0:00:33]} 12. bxc3 {[%emt 0:00:08]} Bxe4 {[%emt 0:00:10]} 13. exd8=Q+ {[%emt 0:00:08]} Rxd8 {[%emt 0:00:13]} 14. Nd4 {[%emt 0:00:49]} O-O {[%emt 0:11:33]} 15. O-O-O {[%emt 0:00:11]} 1/2-1/2

[Event "29. Klatovy A 2023"]
[Site "Klatovy"]
[Date "2023.07.07"]
[Round "7.2"]
[White "Soural, Jan"]
[Black "Horak, Martin"]
[Result "1/2-1/2"]
[WhiteElo "2176"]
[BlackElo "2266"]
[PlyCount "48"]
[EventDate "2023.07.01"]
[EventType "swiss"]
[EventRounds "9"]
[EventCountry "CZE"]
[TimeControl "120+30"]

1. c4 {[%emt 0:00:20]} e5 {[%emt 0:01:20]} 2. Nc3 {[%emt 0:00:43]} Nf6 {[%emt 0:00:15]} 3. Nf3 {[%emt 0:00:30]} Nc6 {[%emt 0:00:08]} 4. e4 {[%emt 0:00:19]} Bc5 {[%emt 0:00:36]} 5. Nxe5 {[%emt 0:00:26]} Nxe5 {[%emt 0:00:05]} 6. d4 {[%emt 0:00:06]} Bb4 {[%emt 0:00:02]} 7. dxe5 {[%emt 0:00:06]} Nxe4 {[%emt 0:00:03]} 8. Qf3 {[%emt 0:00:27]} Nxc3 {[%emt 0:00:06]} 9. bxc3 {[%emt 0:00:06]} Ba5 {[%emt 0:00:02]} 10. Bf4 {[%emt 0:00:50]} Qe7 {[%emt 0:01:44]} 11. Be2 {[%emt 0:08:19]} O-O {[%emt 0:01:38]} 12. Rd1 {[%emt 0:25:38]} Bb6 {[%emt 0:12:53]} 13. O-O {[%emt 0:03:24]} f6 {[%emt 0:02:42]} 14. Qd5+ {[%emt 0:10:18]} Kh8 {[%emt 0:12:17]} 15. exf6 {[%emt 0:13:25]} Qxf6 {[%emt 0:02:08]} 16. Be5 {[%emt 0:04:08]} Qc6 {[%emt 0:09:47]} 17. c5 {[%emt 0:22:21]} Bxc5 {[%emt 0:03:30]} 18. Bxg7+ {[%emt 0:09:39]} Kxg7 {[%emt 0:00:07]} 19. Qg5+ {[%emt 0:00:05]} Kh8 {[%emt 0:09:40]} 20. Qe5+ {[%emt 0:00:12]} Rf6 {[%emt 0:01:13]} 21. Rd3 {[%emt 0:08:58]} Bf8 {[%emt 0:11:06]} 22. Rf3 {[%emt 0:05:29]} Bg7 {[%emt 0:02:03]} 23. Qe8+ {[%emt 0:00:11]} Bf8 {[%emt 0:00:06]} 24. Qe5 {[%emt 0:00:54]} Bg7 {[%emt 0:00:26]} 1/2-1/2

[Event "29. Klatovy A 2023"]
[Site "Klatovy"]
[Date "2023.07.07"]
[Round "7.3"]
[White "Neuman, Petr"]
[Black "Hurdzan, Tomas"]
[Result "1/2-1/2"]
[WhiteElo "2398"]
[BlackElo "2309"]
[PlyCount "86"]
[EventDate "2023.07.01"]
[EventType "swiss"]
[EventRounds "9"]
[EventCountry "CZE"]
[TimeControl "120+30"]

1. g3 {[%emt 0:00:05]} e5 {[%emt 0:01:44]} 2. c4 {[%emt 0:00:05]} Nf6 {[%emt 0:01:30]} 3. Bg2 {[%emt 0:00:05]} c6 {[%emt 0:01:06]} 4. Nf3 {[%emt 0:01:49]} e4 {[%emt 0:00:26]} 5. Nd4 {[%emt 0:00:05]} d5 {[%emt 0:00:23]} 6. cxd5 {[%emt 0:00:09]} Qxd5 {[%emt 0:01:33]} 7. Nc2 {[%emt 0:02:29]} Qh5 {[%emt 0:04:23]} 8. Ne3 {[%emt 0:04:32]} Bh3 {[%emt 0:24:33]} 9. Nc3 {[%emt 0:08:37]} Bxg2 {[%emt 0:02:13]} 10. Nxg2 {[%emt 0:01:01]} Bc5 {[%emt 0:09:12]} 11. d3 {[%emt 0:13:22]} exd3 {[%emt 0:06:38]} 12. Qxd3 {[%emt 0:00:30]} O-O {[%emt 0:00:39]} 13. Nf4 {[%emt 0:02:41]} Qe5 {[%emt 0:00:19]} 14. Qf3 {[%emt 0:03:01]} Qf5 {[%emt 0:13:33]} 15. h3 {[%emt 0:08:16]} Nbd7 {[%emt 0:02:23]} 16. g4 {[%emt 0:00:49]} Qc2 {[%emt 0:01:09]} 17. Qd3 {[%emt 0:15:49]} Qxd3 {[%emt 0:00:18]} 18. Nxd3 {[%emt 0:00:03]} Bb6 {[%emt 0:05:34]} 19. Bf4 {[%emt 0:16:50]} Rfe8 {[%emt 0:02:42]} 20. O-O-O {[%emt 0:07:48]} Nf8 {[%emt 0:09:37]} 21. e3 {[%emt 0:01:41]} Ne4 {[%emt 0:07:04]} 22. Nxe4 {[%emt 0:01:03]} Rxe4 {[%emt 0:00:02]} 23. Kc2 {[%emt 0:01:21]} Ree8 {[%emt 0:01:20]} 24. Rd2 {[%emt 0:01:39]} Rad8 {[%emt 0:01:39]} 25. Rhd1 {[%emt 0:00:45]} Ne6 {[%emt 0:00:36]} 26. Bg3 {[%emt 0:00:04]} f6 {[%emt 0:10:21]} 27. h4 {[%emt 0:00:04]} Kf7 {[%emt 0:00:41]} 28. a3 {[%emt 0:01:25]} Rd5 {[%emt 0:00:59]} 29. Nf4 {[%emt 0:04:24]} Nxf4 {[%emt 0:01:15]} 30. Bxf4 {[%emt 0:00:05]} Rxd2+ {[%emt 0:00:56]} 31. Rxd2 {[%emt 0:00:02]} Rd8 {[%emt 0:02:01]} 32. Rxd8 {[%emt 0:02:58]} Bxd8 {[%emt 0:00:02]} 33. h5 {[%emt 0:00:30]} Ke6 {[%emt 0:00:35]} 34. e4 {[%emt 0:00:16]} g6 {[%emt 0:00:27]} 35. Kd3 {[%emt 0:02:20]} a6 {[%emt 0:00:58]} 36. hxg6 {[%emt 0:00:57]} hxg6 {[%emt 0:00:02]} 37. Be3 {[%emt 0:00:09]} g5 {[%emt 0:02:25]} 38. f4 {[%emt 0:05:57]} gxf4 {[%emt 0:00:05]} 39. Bxf4 {[%emt 0:00:03]} Bb6 {[%emt 0:00:46]} 40. a4 {[%emt 0:01:36]} Bf2 {[%emt 0:01:44]} 41. b3 {[%emt 0:00:15]} b5 {[%emt 0:00:58]} 42. Bh2 {[%emt 0:01:20]} Bb6 {[%emt 0:00:43]} 43. Bf4 {[%emt 0:00:24]} Bf2 {[%emt 0:00:07]} 1/2-1/2

[Event "29. Klatovy A 2023"]
[Site "Klatovy"]
[Date "2023.07.07"]
[Round "7.4"]
[White "Jurek, Josef"]
[Black "Palek, Miroslav"]
[Result "1-0"]
[WhiteElo "2251"]
[BlackElo "2091"]
[PlyCount "79"]
[EventDate "2023.07.01"]
[EventType "swiss"]
[EventRounds "9"]
[EventCountry "CZE"]
[TimeControl "120+30"]

1. Nf3 {[%emt 0:00:06]} Nf6 {[%emt 0:00:28]} 2. c4 {[%emt 0:00:18]} g6 {[%emt 0:00:19]} 3. d4 {[%emt 0:00:16]} Bg7 {[%emt 0:00:22]} 4. g3 {[%emt 0:00:13]} O-O {[%emt 0:00:19]} 5. Bg2 {[%emt 0:00:11]} d6 {[%emt 0:00:20]} 6. Nc3 {[%emt 0:00:12]} Nc6 {[%emt 0:01:27]} 7. O-O {[%emt 0:00:15]} a6 {[%emt 0:00:52]} 8. d5 {[%emt 0:00:38]} Na5 {[%emt 0:00:16]} 9. Nd2 {[%emt 0:00:25]} c5 {[%emt 0:00:40]} 10. Qc2 {[%emt 0:00:11]} Rb8 {[%emt 0:00:53]} 11. b3 {[%emt 0:00:20]} b5 {[%emt 0:00:33]} 12. Bb2 {[%emt 0:00:14]} bxc4 {[%emt 0:00:50]} 13. bxc4 {[%emt 0:00:15]} e5 {[%emt 0:00:39]} 14. Rae1 {[%emt 0:06:47]} Bh6 {[%emt 0:18:17]} 15. Ncb1 {[%emt 0:02:46]} Nh5 {[%emt 0:06:13]} 16. Bc3 {[%emt 0:06:56]} Bd7 {[%emt 0:00:42]} 17. e3 {[%emt 0:01:36]} Ng7 {[%emt 0:07:17]} 18. Na3 {[%emt 0:04:39]} Qc7 {[%emt 0:03:30]} 19. Rb1 {[%emt 0:13:46]} Rfc8 {[%emt 0:01:41]} 20. Rb2 {[%emt 0:09:17]} Nb7 {[%emt 0:00:44]} 21. Rfb1 {[%emt 0:03:33]} Nd8 {[%emt 0:01:02]} 22. Nb3 {[%emt 0:04:42]} Nb7 {[%emt 0:06:27]} 23. Bf1 {[%emt 0:04:11]} Ne8 {[%emt 0:04:26]} 24. Qd2 {[%emt 0:04:19]} Bf8 {[%emt 0:02:20]} 25. Bd3 {[%emt 0:02:51]} Be7 {[%emt 0:01:21]} 26. Nc2 {[%emt 0:01:43]} Bf8 {[%emt 0:06:44]} 27. Ne1 {[%emt 0:01:45]} Be7 {[%emt 0:00:36]} 28. Qd1 {[%emt 0:03:36]} Bf6 {[%emt 0:03:45]} 29. Nd2 {[%emt 0:04:06]} Nd8 {[%emt 0:00:32]} 30. Ba5 {[%emt 0:02:33]} Qa7 {[%emt 0:00:34]} 31. Bb6 {[%emt 0:02:46]} Qa8 {[%emt 0:00:15]} 32. e4 {[%emt 0:01:57]} Rb7 {[%emt 0:02:25]} 33. Bc2 {[%emt 0:05:48]} Kf8 {[%emt 0:15:21]} 34. Ba4 {[%emt 0:02:05]} Bb5 {[%emt 0:03:00]} 35. cxb5 {[%emt 0:10:21]} Rxb6 {[%emt 0:00:46]} 36. Nc4 {[%emt 0:00:17]} Rbb8 {[%emt 0:05:14]} 37. b6 {[%emt 0:00:46]} Nb7 {[%emt 0:00:49]} 38. Bc6 {[%emt 0:01:38]} a5 {[%emt 0:00:11]} 39. Qa4 {[%emt 0:02:51]} Qa6 {[%emt 0:03:17]} 40. Rb5 {[%emt 0:01:18]} 1-0

[Event "29. Klatovy A 2023"]
[Site "Klatovy"]
[Date "2023.07.07"]
[Round "7.5"]
[White "Folk, Petr"]
[Black "Jun, Rudolf"]
[Result "0-1"]
[WhiteElo "2135"]
[BlackElo "2223"]
[PlyCount "82"]
[EventDate "2023.07.01"]
[EventType "swiss"]
[EventRounds "9"]
[EventCountry "CZE"]
[TimeControl "120+30"]

1. e4 {[%emt 0:01:43]} c5 {[%emt 0:00:21]} 2. Nf3 {[%emt 0:00:13]} e6 {[%emt 0:00:16]} 3. d4 {[%emt 0:00:23]} cxd4 {[%emt 0:00:14]} 4. Nxd4 {[%emt 0:00:05]} a6 {[%emt 0:00:28]} 5. Nc3 {[%emt 0:00:35]} d6 {[%emt 0:01:42]} 6. Be2 {[%emt 0:02:04]} Nc6 {[%emt 0:00:42]} 7. Be3 {[%emt 0:00:39]} Nf6 {[%emt 0:00:21]} 8. f4 {[%emt 0:01:17]} Be7 {[%emt 0:00:29]} 9. O-O {[%emt 0:08:09]} Qc7 {[%emt 0:00:24]} 10. a4 {[%emt 0:00:24]} O-O {[%emt 0:01:40]} 11. Kh1 {[%emt 0:00:46]} Nxd4 {[%emt 0:02:37]} 12. Qxd4 {[%emt 0:13:17]} e5 {[%emt 0:00:19]} 13. Qd3 {[%emt 0:01:00]} Bd7 {[%emt 0:09:06]} 14. a5 {[%emt 0:08:16]} Rac8 {[%emt 0:09:17]} 15. f5 {[%emt 0:06:34]} Rfe8 {[%emt 0:12:24]} 16. Rfc1 {[%emt 0:03:44]} Bc6 {[%emt 0:03:49]} 17. Bb6 {[%emt 0:10:32]} Qb8 {[%emt 0:03:52]} 18. Rd1 {[%emt 0:01:14]} Nd7 {[%emt 0:02:18]} 19. Be3 {[%emt 0:00:56]} Qc7 {[%emt 0:02:19]} 20. Rdc1 {[%emt 0:02:15]} Nc5 {[%emt 0:04:42]} 21. Bxc5 {[%emt 0:06:09]} dxc5 {[%emt 0:01:19]} 22. Nd5 {[%emt 0:06:06]} Bxd5 {[%emt 0:00:05]} 23. Qxd5 {[%emt 0:03:00]} Red8 {[%emt 0:01:03]} 24. Qb3 {[%emt 0:00:39]} c4 {[%emt 0:03:16]} 25. Qg3 {[%emt 0:05:24]} Qc6 {[%emt 0:01:47]} 26. Re1 {[%emt 0:05:12]} Bf6 {[%emt 0:02:18]} 27. Bf1 {[%emt 0:03:45]} Rd4 {[%emt 0:02:55]} 28. Qf3 {[%emt 0:05:44]} Rcd8 {[%emt 0:03:53]} 29. Rad1 {[%emt 0:01:43]} Rxd1 {[%emt 0:01:12]} 30. Rxd1 {[%emt 0:00:04]} Rxd1 {[%emt 0:02:43]} 31. Qxd1 {[%emt 0:00:00]} Qxe4 {[%emt 0:00:37]} 32. Qd7 {[%emt 0:01:08]} g6 {[%emt 0:00:27]} 33. fxg6 {[%emt 0:00:20]} hxg6 {[%emt 0:00:03]} 34. Qc8+ {[%emt 0:00:19]} Kg7 {[%emt 0:00:05]} 35. Qxc4 {[%emt 0:00:12]} Qe1 {[%emt 0:00:37]} 36. c3 {[%emt 0:02:18]} Qa1 {[%emt 0:00:47]} 37. Kg1 {[%emt 0:01:09]} Qxa5 {[%emt 0:02:50]} 38. b4 {[%emt 0:06:44]} Qa1 {[%emt 0:01:36]} 39. Qe4 {[%emt 0:04:06]} Qxc3 {[%emt 0:02:46]} 40. Qxb7 {[%emt 0:00:16]} Qe3+ {[%emt 0:00:14]} 41. Kh1 {[%emt 0:00:07]} e4 {[%emt 0:00:14]} 0-1

[Event "29. Klatovy A 2023"]
[Site "Klatovy"]
[Date "2023.07.07"]
[Round "7.7"]
[White "Vorisek, Jaroslav"]
[Black "Pycha, Patrik"]
[Result "1-0"]
[WhiteElo "2260"]
[BlackElo "2058"]
[PlyCount "61"]
[EventDate "2023.07.01"]
[EventType "swiss"]
[EventRounds "9"]
[EventCountry "CZE"]
[TimeControl "120+30"]

1. d4 {[%emt 0:00:06]} Nf6 {[%emt 0:00:06]} 2. Nf3 {[%emt 0:00:33]} e6 {[%emt 0:00:29]} 3. c4 {[%emt 0:00:30]} Bb4+ {[%emt 0:00:28]} 4. Bd2 {[%emt 0:01:15]} a5 {[%emt 0:00:07]} 5. Qc2 {[%emt 0:12:34]} d6 {[%emt 0:04:39]} 6. Nc3 {[%emt 0:04:02]} Nbd7 {[%emt 0:04:24]} 7. g3 {[%emt 0:15:07]} O-O {[%emt 0:00:30]} 8. Bg2 {[%emt 0:00:25]} e5 {[%emt 0:03:35]} 9. O-O {[%emt 0:03:49]} Qe7 {[%emt 0:07:01]} 10. e4 {[%emt 0:07:59]} Bxc3 {[%emt 0:08:01]} 11. Bxc3 {[%emt 0:00:12]} b6 {[%emt 0:00:30]} 12. Nh4 {[%emt 0:17:14]} g6 {[%emt 0:04:01]} 13. b3 {[%emt 0:01:05]} Nh5 {[%emt 0:04:11]} 14. Nf3 {[%emt 0:05:41]} f6 {[%emt 0:03:59]} 15. Rae1 {[%emt 0:01:56]} Ng7 {[%emt 0:02:02]} 16. Re2 {[%emt 0:00:49]} c5 {[%emt 0:01:02]} 17. d5 {[%emt 0:01:12]} Rf7 {[%emt 0:02:33]} 18. Ne1 {[%emt 0:01:32]} Ba6 {[%emt 0:06:16]} 19. a4 {[%emt 0:09:52]} Raf8 {[%emt 0:00:59]} 20. f4 {[%emt 0:03:25]} Bc8 {[%emt 0:03:12]} 21. Nd3 {[%emt 0:02:10]} g5 {[%emt 0:08:39]} 22. Ref2 {[%emt 0:07:20]} Ne8 {[%emt 0:10:07]} 23. Bh3 {[%emt 0:01:47]} Nc7 {[%emt 0:04:21]} 24. Qe2 {[%emt 0:05:22]} h6 {[%emt 0:04:49]} 25. Bf5 {[%emt 0:05:29]} Rg7 {[%emt 0:04:20]} 26. Kh1 {[%emt 0:01:38]} Qe8 {[%emt 0:05:46]} 27. Qd1 {[%emt 0:06:29]} Rff7 {[%emt 0:01:34]} 28. Qh5 {[%emt 0:00:45]} Nf8 {[%emt 0:00:50]} 29. Bxc8 {[%emt 0:01:03]} Qxc8 {[%emt 0:00:07]} 30. fxe5 {[%emt 0:00:08]} dxe5 {[%emt 0:02:44]} 31. Nxe5 {[%emt 0:02:12]} 1-0